El matadero /

Guardado en:
Autor Principal: Echeverría, Esteban
Otros Autores: Gambaro, Griselda, Fontanarrosa, Roberto
Formato: Libro
Publicado: Buenos Aires : Cántaro, 2006
Materias:
Etiquetas: Agregar Etiqueta
Sin Etiquetas, Sea el primero en etiquetar este registro!
LEADER 00976nam a22002775a 4500
001 CEM.cems017385
005 20140317113640.0
008 130507s2006##################000#0#####d
003 CEMS
020 |a 9507530533 
082 0 4 |a A863.2 
100 1 |a Echeverría, Esteban 
245 1 0 |a El matadero /  |c Esteban Echeverría 
260 |a Buenos Aires :  |b Cántaro,  |c 2006 
300 |a 171 p. 
505 0 |a La malasangre / Griselda Gambaro -- Maestras argentinas.Clara Dezcurra / Roberto Fontanarrosa 
653 |a Literatura 
653 |a Literatura argentina 
653 |a Narrativa argentina 
653 |a Romanticismo 
700 1 |a Gambaro, Griselda 
700 1 |a Fontanarrosa, Roberto 
859 |a CEMS  |b BIB. CEMS - Agricultura  |h A863.2  |i Ec43  |p A0686.07  |t Ej.1 
859 |a CEMS  |b BIB. CEMS - Agricultura  |h A863.2  |i Ec43  |p A0687.07  |t Ej.2 
859 |a CEMS  |b BIB. CEMS - Agricultura  |h A863.2  |i Ec43  |p A0688.07  |t Ej.3 
859 |a CEMS  |b BIB. CEMS - Agricultura  |h A863.2  |i Ec43  |p A0689.07  |t Ej.4